000 00800nam a2200241Ia 4500
001 20449
003 GE_BSU
008 181216s||||||||xx |||||||||||||| ||und||
040 _cGE_BSU
080 _a811.353.1-8(075.3)
100 _aბოცვაძე, ზ. ბურჯანაძე, თ.
245 _aქართული ენა. 3 კლ.
245 _bმე-3 კლასის სახელმძღვანელო
245 _cრედ. მ. ასათიანი
260 _aთბილისი
260 _bშპს ფორმა
260 _c2000
300 _a136გვ. 21 სმ.
541 _h4 ლ.
653 _aმე-3 კლასის სახელმძღვანელო
653 _aქართული ენა
942 _cBK
999 _c53406
_d53406